Consolação às tribulações de Israel (Registo nº 202802)
[ vista simples ]
| 000 -Etiqueta do registo | |
|---|---|
| Valores | 00801nam 22002173 4500 |
| 100 ## - Dados gerais de processamento | |
| Dados gerais | 20260630d u||y0pory50 ba |
| 200 ## - Titulo e menção de responsabilidade | |
| Título próprio | Consolação às tribulações de Israel |
| Primeira menção de responsabilidade | Samuel Usque |
| Outras menções de responsabilidade | com estudos introdutórios por Yosef Hayim Yerushalmi e José V. de Pina Martins |
| 210 ## - Publicação | |
| Local de publicação | Lisboa |
| Nome do editor | Fundação Calouste Gulbenkian |
| Data de publicação | imp. 1989 |
| 215 ## - Descrição física | |
| Paginação / Volumes | 409. [2] p. |
| Outras indicações físicas | encadernado |
| Dimensões | 23 cm |
| 225 ## - Colecção | |
| Título próprio da colecção | Cultura portuguesa |
| 300 ## - Notas gerais | |
| Texto da nota | textos em inglês |
| 606 ## - Nome comum usado como assunto | |
| ID Autoridade | 3661 |
| Palavra de ordem | Crítica Literária.Estudos Literários |
| 675 ## - CDU | |
| Notação | 82.09 |
| Edição | PT |
| Língua | por |
| 700 ## - Autor principal (pessoa individual) | |
| ID Autoridade | 17663 |
| Apelido | Usque |
| Nome | Samuel |
| Datas | 1495?-15? |
| 701 ## - Co-autor principal (pessoa individual) | |
| ID Autoridade | 17664 |
| Apelido | Yerushalmi |
| Nome | Yosef Hayim |
| Datas | 1932-2009 |
| 702 ## - Autor secundário (pessoa individual) | |
| ID Autoridade | 4338 |
| Apelido | Martins |
| Nome | José Vitorino da Pina |
| Datas | 1920-2010 |
| 801 ## - Fonte de origem | |
| País | PT |
| Agência | BMMN |
| Regras de catalogação | RPC |
| 830 ## - Notas gerais do catalogador | |
| Criado por | Vanda |
| 990 ## - Elementos KOHA | |
| Tipo de documento | Livro |
| Situação do levantamento | Biblioteca de origem | Código de barras | Cota | Permissão de empréstimo | Tipo de documento | Forma de aquisição |
|---|---|---|---|---|---|---|
| Biblioteca Municipal de Montemor-o-Novo | 32322 | 82.09 USQ|DEP | Livro | Oferta |